[Event "17th Asia-ch (w)"]
[Site "Manila PHI"]
[Date "2013.05.21"]
[Round "4.9"]
[White "Nguyen Thi Mai Hung"]
[Black "Muminova, Nafisa"]
[Result "0-1"]
[WhiteElo "2284"]
[BlackElo "2307"]
[EventDate "2013.05.18"]
[PlyCount "136"]

1.d4 Nf6 2.Nf3 d5 3.Bf4 c5 4.e3 Nc6 5.c3 Qb6 6.Qc1 Bf5 7.Nbd2 h6 8.h3 e6 
9.Be2 Be7 10.O-O O-O 11.dxc5 Bxc5 12.b4 Be7 13.a3 Rfc8 14.c4 a6 15.Ra2 Nd7
16.Bg3 Bf6 17.Qd1 a5 18.cxd5 exd5 19.b5 Ne7 20.a4 Nc5 21.Nd4 Bg6 22.Bg4 
Re8 23.Ra1 Bd3 24.Re1 Ng6 25.N2f3 Bc4 26.Bf5 Ne4 27.Bxg6 fxg6 28.Bh2 Nc5 
29.Qd2 Ne4 30.Qc2 Rac8 31.Rec1 Kh7 32.Qd1 Nc5 33.Ra3 Qd8 34.Bg3 Qe7 35.
Raa1 Ne4 36.Bf4 Rf8 37.Bh2 Rf7 38.Qe1 Rcf8 39.Rc2 Bxd4 40.exd4 Rxf3 41.
gxf3 Rxf3 42.Kg2 Qf6 43.Bg3 Qf5 44.Rb2 Bd3 45.h4 Qg4 46.Kh2 g5 47.hxg5 
Nxg5 48.Qd1 Qh3+ 49.Kg1 Rxg3+ 50.fxg3 Qxg3+ 51.Rg2 Nf3+ 52.Qxf3 Qxf3 53.
Raa2 Be4 54.Rge2 h5 55.Rh2 Qd1+ 56.Kf2 Qxd4+ 57.Kf1 Qd1+ 58.Kf2 g5 59.Re2 
h4 60.b6 Kg6 61.Rh3 Qd4+ 62.Ke1 Qxb6 63.Rhe3 Qb4+ 64.Kf2 Qxa4 65.Kg1 g4 
66.Kh2 Qa1 67.Re1 Qe5+ 68.Kg1 h3 0-1

[Event "17th Asia-ch (w)"]
[Site "Manila PHI"]
[Date "2013.05.21"]
[Round "4.11"]
[White "Fronda, Jan Jodilyn"]
[Black "Ni Shiqun"]
[Result "0-1"]
[WhiteElo "2028"]
[BlackElo "2213"]
[EventDate "2013.05.18"]
[PlyCount "112"]

1.e4 e5 2.Nf3 Nf6 3.d4 Nxe4 4.Bd3 d5 5.Nxe5 Nd7 6.Qe2 Qe7 7.Bf4 Nxe5 8.
Bxe5 Nd6 9.Nc3 c6 10.O-O-O f6 11.Bg3 Qxe2 12.Nxe2 Bd7 13.Rhe1 Kf7 14.Kb1 
b6 15.Nf4 g5 16.Ne2 Nf5 17.c3 a5 18.Bc7 b5 19.Ng3 Nh4 20.Bf1 Ra7 21.Bb6 
Ra6 22.Bc7 Be7 23.Ne2 Nf5 24.Nc1 Rc8 25.Bg3 h5 26.h3 Nxg3 27.fxg3 Rb6 28.
Nb3 b4 29.c4 Bf5+ 30.Bd3 Bxd3+ 31.Rxd3 a4 32.Rde3 Rb7 33.Nd2 g4 34.Kc2 Bf8
35.Kd3 Re7 36.Rxe7+ Bxe7 37.c5 Rg8 38.h4 Bf8 39.Rf1 Bh6 40.Re1 Rb8 41.Re2 
Rb7 42.Re1 b3 43.a3 Re7 44.Rxe7+ Kxe7 45.Nf1 Bc1 46.Kc3 Ke6 47.Nd2 Kf5 48.
Nxb3 axb3 49.a4 Ke6 50.Kxb3 Bd2 51.Kc2 Be1 52.Kd3 Bxg3 53.b4 Be1 54.b5 
cxb5 55.axb5 Kd7 56.Ke3 Bxh4 0-1

[Event "17th Asia-ch (w)"]
[Site "Manila PHI"]
[Date "2013.05.21"]
[Round "4.15"]
[White "Bernales, Christy Lamiel"]
[Black "Citra, Dewi Andhiani Anastasia"]
[Result "1-0"]
[WhiteElo "2016"]
[BlackElo "2155"]
[EventDate "2013.05.18"]
[PlyCount "121"]

1.e4 c5 2.Nc3 Nc6 3.f4 g6 4.Nf3 Bg7 5.Bb5 Nd4 6.O-O Nxb5 7.Nxb5 d5 8.exd5 
a6 9.Nc3 Nf6 10.d4 Nxd5 11.dxc5 Nxc3 12.Qxd8+ Kxd8 13.bxc3 Bxc3 14.Rb1 Kc7
15.Rb3 Bg7 16.Bd2 Be6 17.Ba5+ Kc8 18.Rb6 Bd5 19.Rd1 e6 20.c4 Bxf3 21.gxf3 
Bf8 22.Rbd6 Bxd6 23.Rxd6 Ra7 24.Bb6 Ra8 25.a4 a5 26.Kf2 Ra6 27.Ke3 Re8 28.
Ke4 f6 29.Kd4 h6 30.h4 h5 31.Ke4 Ra8 32.Ke3 Ra6 33.Kd4 Ra8 34.c6 bxc6 35.
Kc5 Kb7 36.Rd7+ Ka6 37.Kxc6 Rac8+ 38.Bc7 e5 39.Rd5 Re6+ 40.Kd7 Rxc7+ 41.
Kxc7 e4 42.fxe4 Rxe4 43.Rd6+ Ka7 44.Rxf6 Rxc4+ 45.Kd6 Rxa4 46.Ke5 Ra1 47.
Rxg6 a4 48.f5 a3 49.Rg2 Kb7 50.Kf6 Kc6 51.Kg7 Rh1 52.f6 Rxh4 53.f7 Rf4 54.
Ra2 Kd6 55.Rxa3 Rg4+ 56.Kf8 Rb4 57.Ra6+ Ke5 58.Kg7 Rg4+ 59.Rg6 Rf4 60.Rg5+
Ke6 61.f8=Q 1-0

[Event "17th Asia-ch (w)"]
[Site "Manila PHI"]
[Date "2013.05.21"]
[Round "4.16"]
[White "Romero, Gladys Hazelle"]
[Black "Qiu Mengjie"]
[Result "0-1"]
[WhiteElo "1927"]
[BlackElo "2122"]
[EventDate "2013.05.18"]
[PlyCount "96"]

1.d4 Nf6 2.c4 g6 3.Nc3 d5 4.Nf3 Bg7 5.Qb3 dxc4 6.Qxc4 O-O 7.e4 a6 8.Be2 b5
9.Qb3 c5 10.dxc5 Bb7 11.O-O Nbd7 12.Rd1 Qc7 13.c6 Bxc6 14.Nd5 Nxd5 15.exd5
Bb7 16.Be3 Rac8 17.Rac1 Qd6 18.a4 Rxc1 19.Rxc1 Bxd5 20.Qc2 Ne5 21.Nd2 bxa4
22.Qxa4 Bb7 23.Nb3 Nd3 24.Rd1 Nxb2 25.Rxd6 Nxa4 26.Rd7 Bc6 27.Rxe7 Bb5 28.
Bxb5 axb5 29.Rb7 Rd8 30.g3 Nc3 31.Bd2 Ne4 32.Bb4 h5 33.Rxb5 Rd1+ 34.Kg2 
Rb1 35.Na5 Rb2 36.Rb8+ Kh7 37.Nc6 Rxf2+ 38.Kg1 Rc2 39.Re8 Ng5 40.Nd8 Nf3+ 
41.Kf1 Nxh2+ 42.Ke1 Nf3+ 43.Kd1 Rc8 44.Ke2 Nd4+ 45.Kf2 Nc6 46.Nxc6 Rxe8 
47.Bd2 Rc8 48.Nb4 Bc3 0-1

[Event "17th Asia-ch (w)"]
[Site "Manila PHI"]
[Date "2013.05.21"]
[Round "4.17"]
[White "Mendoza, Shania Mae"]
[Black "Bayar Anu"]
[Result "1/2-1/2"]
[WhiteElo "1847"]
[BlackElo "2003"]
[EventDate "2013.05.18"]
[PlyCount "119"]

1.e4 c5 2.Nf3 Nc6 3.d4 cxd4 4.Nxd4 Nf6 5.Nc3 g6 6.Be3 Bg7 7.f3 O-O 8.Nb3 
d6 9.Qd2 Be6 10.O-O-O a5 11.Nd4 Nxd4 12.Bxd4 a4 13.a3 Qa5 14.Kb1 Rfc8 15.
Be2 Bc4 16.Bxc4 Rxc4 17.Bxf6 Bxf6 18.Nd5 Qxd2 19.Rxd2 Ra6 20.Nxf6+ exf6 
21.Rhd1 Rcc6 22.Rd4 b5 23.Rd5 Rab6 24.R1d4 Kf8 25.Rb4 Rc5 26.c4 Rxc4 27.
Rdxb5 Rxb5 28.Rxc4 Ra5 29.Kc2 Ke7 30.Kc3 Ke6 31.Kd4 f5 32.Kc3 fxe4 33.
Rxe4+ Kd5 34.Re7 Rc5+ 35.Kd2 Rb5 36.Kc2 Rc5+ 37.Kb1 Kd4 38.Re4+ Kd3 39.
Rxa4 d5 40.Ra7 d4 41.Rd7 Re5 42.f4 Re4 43.a4 Rxf4 44.a5 Rf6 45.Ka2 Kc4 46.
b3+ Kb5 47.Rd5+ Kb4 48.Rxd4+ Kxa5 49.Rd2 Kb4 50.Kb2 Rf4 51.g3 Re4 52.Rf2 
Re7 53.Rf4+ Kb5 54.h4 f5 55.g4 fxg4 56.Rxg4 Re2+ 57.Kc3 Re3+ 58.Kb2 Re2+ 
59.Kc3 Re3+ 60.Kb2 1/2-1/2

[Event "17th Asia-ch (w)"]
[Site "Manila PHI"]
[Date "2013.05.21"]
[Round "4.18"]
[White "Docena, Jedara"]
[Black "Frayna, Janelle Mae"]
[Result "1/2-1/2"]
[WhiteElo "2019"]
[BlackElo "2050"]
[EventDate "2013.05.18"]
[PlyCount "153"]

1.e4 c5 2.Nc3 Nc6 3.f4 g6 4.Nf3 Bg7 5.g3 d6 6.Bg2 e5 7.d3 Nge7 8.O-O O-O 
9.Nd5 exf4 10.Nxf4 d5 11.c3 dxe4 12.dxe4 Bg4 13.Be3 Qa5 14.Qc2 Bxf3 15.
Bxf3 Ne5 16.Be2 Rad8 17.a3 Qc7 18.Rad1 Qc6 19.c4 b6 20.Nd5 Nxd5 21.exd5 
Qd6 22.Qd2 Rfe8 23.Bg5 Rc8 24.Rde1 Qd7 25.Qf4 f5 26.Qc1 Nf7 27.Bf4 Bd4+ 
28.Kg2 Qd8 29.Qc2 Qf6 30.b3 Bc3 31.Bd2 Be5 32.Bd3 Nd6 33.Re2 Bd4 34.Rfe1 
Rxe2+ 35.Rxe2 Re8 36.Bf4 Be5 37.Qd2 Bxf4 38.Rxe8+ Nxe8 39.gxf4 Qd4 40.Qe2 
Kf8 41.Kf3 Qc3 42.Qc2 Qa1 43.Kg2 Qd4 44.Kf3 Nf6 45.Qe2 Ne8 46.Qe3 Qb2 47.
Qe5 Qxb3 48.Ke3 Qa4 49.Qh8+ Kf7 50.Qxh7+ Ng7 51.Qh4 Qd7 52.Kd2 Nh5 53.Qg5 
Nf6 54.Qg1 Qd6 55.Qe3 Ng4 56.Qg3 b5 57.h3 Nf6 58.Qe3 bxc4 59.Bxc4 Ne4+ 60.
Ke2 Kg7 61.Kf3 Kh6 62.Qe1 Kg7 63.Qa1+ Qf6 64.Qxf6+ Kxf6 65.Ke3 Ke7 66.Ba2 
Kd6 67.h4 Nc3 68.Bb3 Nxd5+ 69.Kf3 Kc6 70.Bc4 Kd6 71.Bb3 Ne7 72.Ke3 Nd5+ 
73.Kf3 a5 74.Bc4 Kc6 75.Bb3 Ne7 76.Bc4 Kd6 77.Bf7 1/2-1/2

[Event "17th Asia-ch (w)"]
[Site "Manila PHI"]
[Date "2013.05.21"]
[Round "4.20"]
[White "Jelsen Yemi"]
[Black "Galas, Bernadette"]
[Result "1-0"]
[WhiteElo "1997"]
[BlackElo "2045"]
[EventDate "2013.05.18"]
[PlyCount "87"]

1.d4 d5 2.c4 dxc4 3.Nf3 Nf6 4.e3 e6 5.Bxc4 a6 6.O-O c5 7.Qe2 b5 8.Bb3 Bb7 
9.Nc3 Nbd7 10.Rd1 Qc7 11.e4 cxd4 12.Nxd4 Bc5 13.Bxe6 fxe6 14.Nxe6 Qe5 15.
Nxg7+ Kf7 16.Nf5 Rhd8 17.Bg5 Bxe4 18.Nh6+ Kg6 19.Nxe4 Nxe4 20.Bxd8 Bxf2+ 
21.Kf1 Rxd8 22.Ng4 Qf5 23.Nxf2 Rf8 24.Kg1 Ndf6 25.Nxe4 Nxe4 26.Qe3 Re8 27.
Rf1 Qd5 28.Rf4 Qc5 29.Qxc5 Nxc5 30.Rd4 Re2 31.Rd6+ Kf5 32.b4 Ne6 33.Rf1+ 
Ke5 34.Rxa6 Nf4 35.Ra8 Rxg2+ 36.Kh1 Re2 37.Ra5 Ke4 38.Rxb5 Rxa2 39.Rb7 Nh3
40.Rxh7 Nf2+ 41.Kg1 Nd3 42.Re7+ Kd5 43.Rd1 Ra3 44.Rxd3+ 1-0

[Event "17th Asia-ch (w)"]
[Site "Manila PHI"]
[Date "2013.05.22"]
[Round "5.1"]
[White "Huang Qian"]
[Black "Mongontuul, Batchujagijn"]
[Result "1/2-1/2"]
[WhiteElo "2469"]
[BlackElo "2442"]
[EventDate "2013.05.18"]
[PlyCount "60"]

1.d4 d5 2.Nf3 Nf6 3.c4 c6 4.Nc3 dxc4 5.a4 Bf5 6.Ne5 Na6 7.f3 Nd7 8.Nxc4 e5
9.e4 exd4 10.Ne2 Bb4+ 11.Kf2 Bc5 12.exf5 d3+ 13.Be3 dxe2 14.Bxe2 O-O 15.
Bxc5 Ndxc5 16.Qxd8 Raxd8 17.Rhd1 Rxd1 18.Rxd1 Nxa4 19.Na5 Nb4 20.Nxb7 Rb8 
21.b3 Kf8 22.Na5 Nc3 23.Rd7 Nxe2 24.Kxe2 Rb5 25.Rxa7 Rxf5 26.Nc4 Rd5 27.
Ne3 Rd8 28.Rb7 Nd5 29.Nxd5 Rxd5 30.Rc7 Rb5 1/2-1/2

[Event "17th Asia-ch (w)"]
[Site "Manila PHI"]
[Date "2013.05.22"]
[Round "5.2"]
[White "Guo Qi"]
[Black "Nguyen Thi Thanh An"]
[Result "1-0"]
[WhiteElo "2439"]
[BlackElo "2250"]
[EventDate "2013.05.18"]
[PlyCount "93"]

1.d4 Nf6 2.c4 g6 3.Nc3 Bg7 4.e4 d6 5.Nf3 O-O 6.Be2 e5 7.O-O Nc6 8.d5 Ne7 
9.b4 Nh5 10.Re1 a5 11.bxa5 Rxa5 12.Nd2 Nf6 13.Nb3 Ra8 14.c5 dxc5 15.Nxc5 
b6 16.Nb3 Bd7 17.a4 Nc8 18.Qd3 Ne8 19.a5 bxa5 20.Nxa5 Ncd6 21.Be3 f5 22.f3
Rf7 23.Nc6 Bxc6 24.dxc6 Rxa1 25.Rxa1 Nf6 26.Bc5 fxe4 27.fxe4 Bf8 28.Bd1 
Kg7 29.Bb3 Qe8 30.Bxf7 Qxc6 31.Bxd6 Bxd6 32.Bd5 Qb6+ 33.Kh1 Ng4 34.Nd1 Qf2
35.Bc4 Qe1+ 36.Qf1 Qh4 37.h3 Bc5 38.Be6 Nf6 39.Nc3 Nh5 40.Ne2 Qxe4 41.Bg4 
Nf6 42.Qf3 Qb4 43.Qc3 Qb6 44.Qxe5 Bd6 45.Qd4 Bc5 46.Qc3 Kh6 47.Bf3 1-0

[Event "17th Asia-ch (w)"]
[Site "Manila PHI"]
[Date "2013.05.22"]
[Round "5.4"]
[White "Muminova, Nafisa"]
[Black "Pham Le Thao Nguyen"]
[Result "1/2-1/2"]
[WhiteElo "2307"]
[BlackElo "2399"]
[EventDate "2013.05.18"]
[PlyCount "117"]

1.e4 c5 2.Nf3 e6 3.c3 d5 4.e5 d4 5.Bd3 Nc6 6.O-O Nge7 7.Qe2 Ng6 8.Qe4 a6 
9.Na3 Be7 10.b3 Qc7 11.Re1 dxc3 12.dxc3 b6 13.Nc2 Bb7 14.Qe2 Ra7 15.Bd2 
O-O 16.Rad1 Rd8 17.Bc1 Raa8 18.h4 Nf8 19.Bf4 f5 20.h5 b5 21.Ne3 b4 22.Bc4 
Kh8 23.h6 bxc3 24.hxg7+ Kxg7 25.Ng5 Rxd1 26.Nxd1 Bxg5 27.Bxg5 Nd4 28.Qh5 
Qf7 29.Qh6+ Kg8 30.Nxc3 Rc8 31.Re3 Qg7 32.Qh5 Ng6 33.Bf6 Nf4 34.Bxg7 Nxh5 
35.Bh6 Kf7 36.Rh3 Kg6 37.Be3 f4 38.Bxd4 cxd4 39.Ne2 Rc5 40.Nxd4 Rxe5 41.
Nxe6 Bc8 42.Rxh5 Kxh5 43.Nxf4+ Kg5 44.Nd3 Re2 45.Nb4 Re1+ 46.Kh2 Ra1 47.a4
Rb1 48.Nxa6 Bxa6 49.Bxa6 Rxb3 50.g3 Ra3 51.Bb5 Ra2 52.Kg2 h5 53.Kf3 h4 54.
gxh4+ Kxh4 55.Bc6 Kg5 56.Ke3 Kf5 57.f3 Ra3+ 58.Kd4 Kf4 59.Kc4 1/2-1/2

[Event "17th Asia-ch (w)"]
[Site "Manila PHI"]
[Date "2013.05.22"]
[Round "5.5"]
[White "Nakhbaeva, Guliskhan"]
[Black "Gomes, Mary Ann"]
[Result "0-1"]
[WhiteElo "2379"]
[BlackElo "2387"]
[EventDate "2013.05.18"]
[PlyCount "88"]

1.d4 Nf6 2.c4 e6 3.Nc3 Bb4 4.e3 b6 5.Bd3 Bb7 6.Nf3 Ne4 7.Qc2 f5 8.O-O Bxc3
9.bxc3 O-O 10.c5 bxc5 11.Rb1 Qc8 12.Nd2 Nxd2 13.Bxd2 c4 14.Bxc4 Be4 15.Bd3
Bxd3 16.Qxd3 Nc6 17.d5 Ne5 18.Qd4 Nf7 19.c4 c5 20.dxc6 Qxc6 21.f4 d6 22.
Bc3 e5 23.Qd3 Rac8 24.fxe5 Nxe5 25.Bxe5 dxe5 26.Rxf5 Rxf5 27.Qxf5 Qxc4 28.
h3 Qc7 29.Qe6+ Kh8 30.Rb5 h6 31.Rxe5 Rf8 32.Qd5 Qc1+ 33.Kh2 Qc7 34.Qc5 Qb8
35.Qe7 Kh7 36.e4 Rf6 37.Kg1 Qb1+ 38.Kh2 Qxa2 39.Qc5 Rf2 40.Kg3 Rxg2+ 41.
Kf4 Qd2+ 42.Kf5 Rg6 43.h4 Rf6+ 44.Kg4 Qg2+ 0-1

[Event "17th Asia-ch (w)"]
[Site "Manila PHI"]
[Date "2013.05.22"]
[Round "5.6"]
[White "Zhai Mo"]
[Black "Tan Zhongyi"]
[Result "0-1"]
[WhiteElo "2259"]
[BlackElo "2483"]
[EventDate "2013.05.18"]
[PlyCount "44"]

1.e4 d6 2.d4 Nf6 3.Nc3 g6 4.Be3 c6 5.Qd2 b5 6.f3 Nbd7 7.d5 cxd5 8.Bxb5 
dxe4 9.Bc6 Rb8 10.Bxa7 Rxb2 11.Nd1 Qc7 12.Nxb2 Qxc6 13.Bd4 Bg7 14.Qc3 Qa8 
15.Qb3 O-O 16.Qa4 Ba6 17.Rd1 Rc8 18.f4 Nc5 19.Qa5 Ne6 20.Na4 Rxc2 21.Rd2 
Rc1+ 22.Kf2 e3+ 0-1

[Event "17th Asia-ch (w)"]
[Site "Manila PHI"]
[Date "2013.05.22"]
[Round "5.7"]
[White "Ni Shiqun"]
[Black "Hoang Thi Bao Tram"]
[Result "1-0"]
[WhiteElo "2213"]
[BlackElo "2310"]
[EventDate "2013.05.18"]
[PlyCount "102"]

1.e4 c6 2.Nc3 d5 3.Nf3 Bg4 4.h3 Bxf3 5.Qxf3 e6 6.d3 Nd7 7.Bd2 g6 8.g4 Bg7 
9.Qg3 Qb6 10.O-O-O Ne7 11.f4 O-O-O 12.e5 g5 13.fxg5 Bxe5 14.Qg1 c5 15.Bg2 
Nc6 16.Kb1 Nd4 17.Qe1 Qc7 18.Rf1 Rdf8 19.Ne2 Nb5 20.Bf4 a6 21.Qd2 Nb6 22.
Qa5 Bxf4 23.Nxf4 Kb8 24.Rf2 Ka7 25.Rdf1 Re8 26.Ne2 Re7 27.Rf6 Rc8 28.Qd2 
c4 29.c3 cxd3 30.Qxd3 Nc4 31.Nd4 Nbd6 32.Nb3 Ka8 33.R6f2 a5 34.Nd2 a4 35.
Nxc4 Nxc4 36.a3 Qb6 37.Ka1 Qb3 38.Bf3 Rec7 39.Bd1 Qb5 40.h4 e5 41.Qe2 Qe8 
42.Re1 Qd7 43.Qc2 Kb8 44.Qxa4 b5 45.Qb4 d4 46.cxd4 Qxd4 47.Rfe2 Ra7 48.Kb1
Rd8 49.Ka1 Nxa3 50.Qxd4 exd4 51.bxa3 Rad7 1-0

[Event "17th Asia-ch (w)"]
[Site "Manila PHI"]
[Date "2013.05.22"]
[Round "5.8"]
[White "San Diego, Marie Antoinette"]
[Black "Soumya, Swaminathan"]
[Result "1-0"]
[WhiteElo "1947"]
[BlackElo "2300"]
[EventDate "2013.05.18"]
[PlyCount "129"]

1.d4 Nf6 2.c4 g6 3.f3 c5 4.d5 d6 5.Nc3 Bg7 6.e4 O-O 7.Bd3 e6 8.Nge2 exd5 
9.cxd5 Re8 10.O-O Nbd7 11.a4 a6 12.Rb1 Qc7 13.Be3 Ne5 14.Qd2 Qa5 15.b3 Bd7
16.Bc2 b5 17.h3 Bc8 18.Kh2 Rb8 19.axb5 axb5 20.Ra1 Qc7 21.Rfb1 b4 22.Nd1 
Bb7 23.Nb2 Qe7 24.Bg5 Qf8 25.Nc1 h6 26.Be3 Ra8 27.Ncd3 Rxa1 28.Rxa1 Nxd3 
29.Bxd3 Nxd5 30.exd5 Bxb2 31.Qxb2 Rxe3 32.Bc4 Bc8 33.Ra8 Re8 34.Qf6 Bd7 
35.Ra6 Qe7 36.Qxe7 Rxe7 37.Rxd6 Kf8 38.Ra6 Re1 39.Ra5 Ke7 40.Rxc5 Kd6 41.
Ra5 Re8 42.Ra6+ Kc5 43.Rf6 Bb5 44.Rxf7 Bxc4 45.Rc7+ Kxd5 46.Rxc4 Rb8 47.
Kg3 Ke5 48.Kg4 Rb6 49.h4 Kf6 50.h5 g5 51.f4 gxf4 52.Kxf4 Rb5 53.Rc6+ Kg7 
54.g4 Rb8 55.Rc7+ Kg8 56.Ke5 Re8+ 57.Kd4 Re1 58.Rc4 Kf7 59.Rxb4 Kf6 60.
Rb6+ Kg5 61.Rg6+ Kf4 62.Rxh6 Kxg4 63.b4 Kg5 64.Rh8 Rb1 65.Kc5 1-0

[Event "17th Asia-ch (w)"]
[Site "Manila PHI"]
[Date "2013.05.22"]
[Round "5.9"]
[White "Sihite, Chelsie Monica"]
[Black "Perena, Catherine"]
[Result "1/2-1/2"]
[WhiteElo "2290"]
[BlackElo "2170"]
[EventDate "2013.05.18"]
[PlyCount "83"]

1.e4 d5 2.exd5 Qxd5 3.Nc3 Qd6 4.d4 Nf6 5.g3 Bg4 6.f3 Bf5 7.Bf4 Qb4 8.Qd2 
c6 9.O-O-O e6 10.h4 h6 11.g4 Bg6 12.Bd3 Bxd3 13.Qxd3 Nbd7 14.Bc7 Nb6 15.a3
Qe7 16.Bxb6 axb6 17.Nh3 Qc7 18.g5 Nh5 19.g6 O-O-O 20.gxf7 Qxf7 21.Rhe1 Bd6
22.Qe4 Rde8 23.Qg4 Rhf8 24.d5 Qxf3 25.Qxf3 Rxf3 26.dxc6 Bc5 27.cxb7+ Kxb7 
28.Ng1 Rf4 29.Re4 Nf6 30.Rxf4 Be3+ 31.Kb1 Bxf4 32.Nge2 Be3 33.Nb5 Re7 34.
Nd6+ Kc6 35.Nc4 Bf2 36.Ne5+ Kc7 37.Nc3 Bg3 38.Nb5+ Kb7 39.Nd6+ Kc7 40.Nb5+
Kb7 41.Nd6+ Kc7 42.Nb5+ 1/2-1/2

[Event "17th Asia-ch (w)"]
[Site "Manila PHI"]
[Date "2013.05.22"]
[Round "5.10"]
[White "Qiu Mengjie"]
[Black "Le Thanh Tu"]
[Result "1/2-1/2"]
[WhiteElo "2122"]
[BlackElo "2341"]
[EventDate "2013.05.18"]
[PlyCount "91"]

1.e4 e6 2.d4 d5 3.Nd2 Be7 4.c3 c5 5.dxc5 Bxc5 6.Nb3 Bb6 7.exd5 exd5 8.Nf3 
Nf6 9.Bb5+ Nc6 10.O-O O-O 11.Bg5 a6 12.Be2 Re8 13.Nfd4 Qd6 14.Bf3 Ne4 15.
Be3 Bc7 16.g3 Nxg3 17.hxg3 Rxe3 18.Nxc6 bxc6 19.Bg2 Re8 20.c4 Be6 21.Nd4 
Bd7 22.cxd5 cxd5 23.Qf3 Be6 24.Rac1 Qb6 25.Rfd1 Be5 26.Rc6 Qb7 27.Qb3 Qd7 
28.Nxe6 fxe6 29.Rxe6 Rxe6 30.Bxd5 Re8 31.f4 Bxf4 32.gxf4 Kf8 33.Bxe6 Qxe6 
34.Qxe6 Rxe6 35.Kf2 Kf7 36.Rd5 Rc6 37.Kf3 Kf6 38.Rh5 h6 39.a4 Rb6 40.Ra5 
g5 41.fxg5+ hxg5 42.b4 Rxb4 43.Rxa6+ Kf5 44.Ra5+ Kg6 45.Ra8 Kf5 46.Ra5+ 
1/2-1/2

[Event "17th Asia-ch (w)"]
[Site "Manila PHI"]
[Date "2013.05.22"]
[Round "5.11"]
[White "Karenza, Dita"]
[Black "Nguyen Thi Mai Hung"]
[Result "1-0"]
[WhiteElo "1821"]
[BlackElo "2284"]
[EventDate "2013.05.18"]
[PlyCount "85"]

1.e4 c5 2.c3 g6 3.d4 cxd4 4.cxd4 d5 5.e5 Nc6 6.Nf3 Bg4 7.Bb5 Bg7 8.Bxc6+ 
bxc6 9.Nbd2 Nh6 10.h3 Bxf3 11.Nxf3 O-O 12.O-O Qb6 13.b3 f6 14.Re1 Nf5 15.
g4 Nh6 16.e6 g5 17.Ba3 Rae8 18.Rc1 f5 19.Ne5 Qa6 20.Bb4 fxg4 21.hxg4 Rf4 
22.f3 Qb7 23.a3 Rc8 24.Qd3 Rcf8 25.Rc3 Kh8 26.Qd1 a5 27.Bc5 Qc7 28.a4 Bf6 
29.Ba3 Qb6 30.Rd3 Rc8 31.Bc1 Bxe5 32.Rxe5 Rff8 33.Bxg5 Ng8 34.Qe2 Qc7 35.
Qh2 Nf6 36.Bf4 Qa7 37.g5 Rg8 38.Kf1 Ne8 39.Rf5 Qa6 40.Ke2 c5 41.Be5+ Nf6 
42.gxf6 Qxe6 43.f7+ 1-0

[Event "17th Asia-ch (w)"]
[Site "Manila PHI"]
[Date "2013.05.22"]
[Round "5.12"]
[White "Kulkarni, Bhakti Pradip"]
[Black "Bernales, Christy Lamiel"]
[Result "1-0"]
[WhiteElo "2244"]
[BlackElo "2016"]
[EventDate "2013.05.18"]
[PlyCount "73"]

1.d4 d5 2.c4 e6 3.Nf3 Nf6 4.Nc3 Be7 5.Bg5 O-O 6.e3 b6 7.cxd5 exd5 8.Qc2 
Bb7 9.Bd3 h6 10.Bh4 Nbd7 11.O-O c5 12.Rad1 Re8 13.Rfe1 a6 14.dxc5 bxc5 15.
Bf5 Nb6 16.b3 Nfd7 17.Bg3 Bf6 18.a4 Ne5 19.Ne4 c4 20.Nxf6+ gxf6 21.Rd4 Bc8
22.bxc4 Nbxc4 23.Bxc8 Rxc8 24.Qf5 Nd6 25.Qh5 Qa5 26.Rf1 Rc4 27.Nxe5 fxe5 
28.Bxe5 Re6 29.Qg4+ Rg6 30.Qd7 Rxd4 31.exd4 Qb6 32.Rc1 Re6 33.h3 Ne8 34.
Rc8 Kf8 35.Rb8 Qa5 36.Rxe8+ Rxe8 37.Bd6+ 1-0

[Event "17th Asia-ch (w)"]
[Site "Manila PHI"]
[Date "2013.05.22"]
[Round "5.13"]
[White "Aulia, Medina Warda"]
[Black "Xu Huahua"]
[Result "1-0"]
[WhiteElo "2320"]
[BlackElo "2135"]
[EventDate "2013.05.18"]
[PlyCount "71"]

1.e4 c5 2.Nf3 d6 3.d4 cxd4 4.Nxd4 Nf6 5.Nc3 g6 6.Be2 Bg7 7.Be3 O-O 8.O-O 
Nc6 9.Qd2 d5 10.Nxc6 bxc6 11.e5 Ng4 12.Bxg4 Bxg4 13.f4 f6 14.exf6 Bxf6 15.
Bd4 Bf5 16.Rf2 Qc7 17.Re1 Rad8 18.Na4 Bxd4 19.Qxd4 Bxc2 20.Rxc2 Rxf4 21.
Rxc6 Rxd4 22.Rxc7 Rxa4 23.Rexe7 Rxa2 24.Rg7+ Kh8 25.Rxh7+ Kg8 26.Rcg7+ Kf8
27.Rxg6 Re8 28.h4 Rxb2 29.h5 Rb1+ 30.Kh2 Rb6 31.Rg5 d4 32.h6 d3 33.Rh8+ 
Kf7 34.Rg7+ Kf6 35.Rxe8 Rd6 36.Re1 1-0

[Event "17th Asia-ch (w)"]
[Site "Manila PHI"]
[Date "2013.05.22"]
[Round "5.14"]
[White "Bayar Anu"]
[Black "Lei Tingjie"]
[Result "0-1"]
[WhiteElo "2003"]
[BlackElo "2232"]
[EventDate "2013.05.18"]
[PlyCount "80"]

1.d4 d5 2.c4 c6 3.cxd5 cxd5 4.Bf4 Nf6 5.Nc3 Nc6 6.Nf3 Bf5 7.e3 e6 8.Ne5 
Nxe5 9.Bxe5 Nd7 10.Bd3 Bxd3 11.Qxd3 Nxe5 12.dxe5 Be7 13.Qb5+ Qd7 14.Qxd7+ 
Kxd7 15.Ke2 f6 16.exf6 Bxf6 17.Rac1 Rac8 18.Kd3 Ke7 19.Rc2 Rc6 20.Rhc1 
Rhc8 21.Nd1 Kd6 22.Rxc6+ Rxc6 23.Rxc6+ bxc6 24.f4 c5 25.b3 e5 26.fxe5+ 
Kxe5 27.Nf2 Bh4 28.g3 Bd8 29.e4 c4+ 30.bxc4 dxc4+ 31.Kxc4 Bb6 32.Nh3 h6 
33.Nf4 Kxe4 34.Ne6 g5 35.h4 g4 36.Ng7 Bc7 37.Nh5 Kf3 38.Nf6 Bxg3 39.h5 Bf4
40.Nxg4 Kxg4 0-1

[Event "17th Asia-ch (w)"]
[Site "Manila PHI"]
[Date "2013.05.22"]
[Round "5.15"]
[White "Wang Doudou"]
[Black "Fronda, Jan Jodilyn"]
[Result "1-0"]
[WhiteElo "2162"]
[BlackElo "2028"]
[EventDate "2013.05.18"]
[PlyCount "81"]

1.d4 d5 2.c4 c6 3.Nc3 Nf6 4.Nf3 dxc4 5.a4 Bf5 6.Ne5 Nbd7 7.Nxc4 Qc7 8.g3 
e5 9.dxe5 Nxe5 10.Bf4 Nfd7 11.Bg2 g5 12.Bxe5 Nxe5 13.Qd4 f6 14.Ne3 Be6 15.
O-O-O Be7 16.f4 gxf4 17.gxf4 Nd7 18.Kb1 O-O-O 19.Qxa7 Bc5 20.Qa8+ Nb8 21.
Ned5 cxd5 22.Nxd5 Bxd5 23.Bxd5 Rxd5 24.Rxd5 b6 25.Rc1 Qc6 26.Qxc6+ Nxc6 
27.a5 Kc7 28.axb6+ Bxb6 29.b4 Be3 30.Rc3 Bxf4 31.b5 Bxh2 32.Rxc6+ Kb8 33.
Rxf6 h5 34.Rf7 h4 35.Rdd7 Bg3 36.Rh7 Re8 37.b6 Kc8 38.Ra7 Kb8 39.Ra4 Rxe2 
40.b7 Bc7 41.Rc4 1-0

[Event "17th Asia-ch (w)"]
[Site "Manila PHI"]
[Date "2013.05.22"]
[Round "5.16"]
[White "Frayna, Janelle Mae"]
[Black "Uuganbayar, Lkhamsuren"]
[Result "1-0"]
[WhiteElo "2050"]
[BlackElo "2137"]
[EventDate "2013.05.18"]
[PlyCount "89"]

1.c4 e6 2.d4 Nf6 3.Nc3 Bb4 4.Qc2 d5 5.cxd5 exd5 6.Bg5 O-O 7.a3 Bxc3+ 8.
bxc3 c5 9.Nf3 Nbd7 10.e3 c4 11.Be2 Qa5 12.Nd2 Re8 13.O-O Ne4 14.Nxe4 dxe4 
15.Bf4 Nb6 16.Bc7 Qg5 17.Rfb1 Bh3 18.Bf1 Re6 19.a4 Rc6 20.Bg3 Bf5 21.a5 
Nd5 22.Rxb7 h5 23.h4 Qg6 24.Qc1 a6 25.Rab1 Kh7 26.Rb8 Rxb8 27.Rxb8 Bd7 28.
Be2 Bg4 29.Bf1 Qe6 30.Qa3 Kg6 31.Rb7 Rc8 32.Be5 Qc6 33.Rb1 f6 34.Bd6 Nxc3 
35.Rb6 Nb5 36.Rxc6 Rxc6 37.Qa4 Rxd6 38.Bxc4 Nc7 39.Qb4 Rd7 40.Qb6 Nd5 41.
Qxa6 Nb4 42.Qb5 Nc2 43.Qb2 Ne1 44.Qd2 Rc7 45.Bd5 1-0

[Event "17th Asia-ch (w)"]
[Site "Manila PHI"]
[Date "2013.05.22"]
[Round "5.17"]
[White "Anggraeni, Nadia"]
[Black "Jelsen Yemi"]
[Result "1/2-1/2"]
[WhiteElo "1854"]
[BlackElo "1997"]
[EventDate "2013.05.18"]
[PlyCount "68"]

1.e4 c5 2.Nf3 d6 3.d4 cxd4 4.Nxd4 Nf6 5.Nc3 a6 6.Be3 e5 7.Nb3 Be6 8.Qd2 
Be7 9.f3 b5 10.g4 Nc6 11.g5 Nd7 12.O-O-O Nb6 13.Qg2 O-O 14.Kb1 Nc4 15.Bc1 
Qb6 16.h4 a5 17.Qg1 Qxg1 18.Rxg1 a4 19.Nd2 Ne3 20.Re1 Nxf1 21.Rexf1 Nd4 
22.Rf2 Rfb8 23.Ne2 Nxe2 24.Rxe2 b4 25.b3 a3 26.Nf1 Rc8 27.f4 Bd7 28.Ne3 
Bb5 29.Rd2 Bc6 30.Nd5 Bxd5 31.Rxd5 Rc5 32.Rgd1 Raa5 33.Be3 Rcb5 34.Rxb5 
Rxb5 1/2-1/2

[Event "17th Asia-ch (w)"]
[Site "Manila PHI"]
[Date "2013.05.22"]
[Round "5.18"]
[White "Citra, Dewi Andhiani Anastasia"]
[Black "Mendoza, Shania Mae"]
[Result "1-0"]
[WhiteElo "2155"]
[BlackElo "1847"]
[EventDate "2013.05.18"]
[PlyCount "83"]

1.e4 Nf6 2.e5 Nd5 3.Nf3 d6 4.d4 dxe5 5.Nxe5 Nd7 6.Nxf7 Kxf7 7.Qh5+ g6 8.
Qxd5+ e6 9.Qf3+ Nf6 10.c3 Bg7 11.Bc4 Rf8 12.O-O Kg8 13.Bg5 Qd6 14.Nd2 Nd5 
15.Ne4 Qd7 16.Qe2 Qf7 17.Rae1 b6 18.Bc1 h6 19.Ng3 Bd7 20.Bd3 Nf6 21.Qc2 
Kh7 22.h4 h5 23.Re5 Bh6 24.Nxh5 Ng4 25.Bxh6 Nxe5 26.Bxf8 Nxd3 27.Qxd3 Rxf8
28.Ng3 Kg7 29.Qe3 Qf5 30.Qe5+ Qxe5 31.dxe5 Bc6 32.Rd1 Bd5 33.b3 b5 34.Ne2 
Rh8 35.Nf4 c6 36.g3 Rf8 37.Rxd5 exd5 38.Ne6+ Kf7 39.Nxf8 Kxf8 40.b4 Kf7 
41.f4 Ke6 42.Kf2 1-0

[Event "17th Asia-ch (w)"]
[Site "Manila PHI"]
[Date "2013.05.22"]
[Round "5.19"]
[White "Galas, Bernadette"]
[Black "Docena, Jedara"]
[Result "1-0"]
[WhiteElo "2045"]
[BlackElo "2019"]
[EventDate "2013.05.18"]
[PlyCount "143"]

1.e4 c5 2.Nf3 Nc6 3.d4 cxd4 4.Nxd4 Nf6 5.Nc3 d6 6.Bc4 e5 7.Nde2 Be6 8.Bb3 
Be7 9.f3 O-O 10.Be3 Na5 11.Qd2 Nc4 12.Bxc4 Bxc4 13.O-O-O Qc8 14.g4 Rd8 15.
g5 Ne8 16.h4 Qc6 17.Kb1 Nc7 18.Nd5 Nxd5 19.exd5 Qa6 20.Nc3 b5 21.b3 b4 22.
Ne4 Be2 23.Rdg1 Bxf3 24.Nf6+ Kh8 25.Rh2 Qc8 26.Qf2 e4 27.Bd4 Qf5 28.Nh5 
Rg8 29.Ng3 Qxd5 30.Qe3 Bd8 31.Rd2 Qe6 32.Qf4 d5 33.Nf5 Bb6 34.Rg3 Bh5 35.
Ne3 Bxd4 36.Rxd4 Rgd8 37.Rg2 Qd6 38.Qxd6 Rxd6 39.Rgd2 Re6 40.Rxb4 f6 41.
Rxd5 Bg6 42.Rb7 Be8 43.Rc7 a6 44.c4 h6 45.gxh6 gxh6 46.Kc1 h5 47.Kd2 Bg6 
48.Rcd7 Rg8 49.c5 Ree8 50.Kc3 f5 51.Nxf5 Bxf5 52.Rxf5 Rg3+ 53.Kc4 e3 54.
Rxh5+ Kg8 55.Rd1 Rg4+ 56.Kc3 e2 57.Re1 Kf7 58.Rf5+ Kg6 59.Rg5+ Rxg5 60.
hxg5 Kxg5 61.Kd3 Rc8 62.b4 a5 63.a3 axb4 64.axb4 Rb8 65.Kc4 Re8 66.c6 Kf4 
67.b5 Kf3 68.c7 Kf2 69.Rxe2+ Rxe2 70.b6 Rc2+ 71.Kd5 Ke3 72.Kd6 1-0